Parole italiane che derivano dal celtico - Statistics

Statistiche generali
  • Questo quiz è stato fatto 52 volte
  • Il punteggio medio è 8 su 10
Statistiche sulle risposte
Indizio Parola % Corretto
L'atto del deambulare, dello spostarsi a piedi. Camminare
98%
Veicolo dotato di ruote, generalmente costruito in legno, e trainato da animali. Carro
96%
Grosso pesce dalle carni rosate, molto diffuso e molto apprezzato in cucina, in particolare affumicato. Salmone
93%
Piccolissimo pezzetto di pane che rimane sulla tavola quando si finisce di mangiare. Briciola
91%
Tipo di lancia, usata in guerra nell'età antica e oggi utilizzata in una disciplina olimpica dell'atletica leggera. Giavellotto
89%
Struttura, generalmente sotterranea, nella quale si estraggono minerali e metalli, sia di pregio sia per scopi industriali. Miniera
87%
Parte dura che riveste la bocca degli uccelli; più in generale oggetto appuntito dal quale esce qualcosa. Becco
83%
Sorta di sacerdote che aveva un ruolo molto importante all'interno della antiche comunità celtiche. Druido
67%
Albero d'alto fusto, molto diffuso, il cui legno e la cui corteccia hanno un caratteristico colore bianco. Betulla
65%
In generale un pezzo di tessuto, destinato a diversi usi, dalla sartoria alla pulizia. Pezza
54%
Nessun quiz corrispondente trovato
Distribuzione punteggi
Percentuale di utenti per punteggio
Percentile per numero di risposta
I tuoi punteggi nel tempo
Non hai fatto questo quiz